000
00279nam a2200097Ia 4500
082
_a
658.8 INT
245
0
_a
Introduction to marketing
100
_a
Strydom, Johan Cape Town, South Africa, 2011 4th ed
_9
42863
942
_c
BK
008
210817s9999 xx 000 0 und d
999
_c
145167
_d
145166